Euskal autonomia erkidegoko gizarte-ekonomiari buruzko kontakizuna

Detalles Bibliográficos
Autor principal: Enciso Santocildes, Marta
Otros Autores: Bengoetxea Alkorta, Aitor, Uriarte Zabala, Leire
Formato: eBook
Lenguaje:español
Publicado: Madrid: Dykinson, 2021
Materias:
Acceso en línea:Acceso restringido

MARC

LEADER 00000nam a22000007a 4500
005 2022082300350.0
007 cr|||| ||||
008 220823s2021 es |||||s|||| 00||0 spa d
020 |a 978-84-1122-135-1 
035 |a 36673 
040 |a vLex 
090 |c 13804  |d 13804 
100 1 |a Enciso Santocildes, Marta 
245 1 0 |a Euskal autonomia erkidegoko gizarte-ekonomiari buruzko kontakizuna  |h [Recurso electrn̤ico] /  |c Marta Enciso Santocildes, Aitor Bengoetxea Alkorta, Leire Uriarte Zabala 
256 |a Servicio en ln̕ea 
260 |a Madrid:  |b Dykinson,  |c 2021 
300 |a 1 recurso electrn̤ico 
500 |a Lan honetan Euskadin Gizarte Ekonomia osatzen duten familia desberdinen errealitatea aztertzen da: Kooperatibak, Lan-Sozietateak, Enplegu-Zentro Bereziak, Laneratzeko enpresak, Arrantzaleen Kofradiak, Eraldaketarako Nekatzaritza-Sozietateak, Mutualitateak, Elkarteak, eta Fundazioak. Gainera, Euskadiko Gizarte Ekonomiaren azterketa dago, eta Ekonomia Solidarioari erreferentzia. Familia bakoitzean, bere egitura juridiko propioa aztertzeaz gain, datu sozioekonomiko eguneratuak eman, erakundearen egitura azaldu, bere ezaugarri nagusiak azpimarratu, eta Gizarte Ekonomiaren familia bezala dituen erronkak mahaigaineratu dira. Lan honek Eusko Jaurlaritzaren Lan eta Enplegu Sailaren dirulaguntza eduki du. Hiru euskal unibertsitateen artean egindako lana da: Euskal Herriko Unibertsitatea, Deustuko Unibertsitatea, eta Mondragon Unibertsitatea. Euskadiko Gizarte Ekonomiaren sektoreko entitate ordezkari guztien laguntza eduki du baita ere. 
506 1 |a Disponible solo en los productos indicados  |d vLex Global  |d vLex Global (Academic Edition, excluding Law Schools)  |d vLex Global (U.S. Academic Edition, Law Schools)  |d vLex Global (U.S. Academic Edition, excluding Law Schools)  |d vLex Global (Academic Edition, Law Schools) 
650 0 4 |a Ciencias sociales  |z Espaą 
650 0 4 |a Sociologa̕  |z Espaą 
700 1 |a Bengoetxea Alkorta, Aitor 
700 1 |a Uriarte Zabala, Leire 
740 0 |a vLex Libros (Servicio en ln̕ea) 
856 4 0 |u https://app.vlex.com/#/sources/36673  |z Acceso restringido 
942 |c BOOK 
999 0 |a Social Sciences 
999 0 |a Sociology